000 00291nam a2200121Ia 4500
008 240624s9999 xx 000 0 und d
041 _aeng
082 _a657 ICF
100 _aICFAI
245 _aMANAGEMENT ACCOUNTING STUDY GUIDE
260 _aHyderabad
_bIcfai
300 _a252 : p. : cm. ; 26
999 _c8914
_d8914